Informačný systém obytného domu : Diplomová práca

Enregistré dans:
Détails bibliographiques
Auteur principal: Mancovičová, Katarína (Auteur)
Autres auteurs: Husárová, Bohuslava (xxx)
Format: Manuscrit Livre
Langue:slovaque
Publié: Trnava : STU v Bratislave MtF KAIA, 2003
Sujets:
Tags: Ajouter un tag
Pas de tags, Soyez le premier à ajouter un tag!

MARC

LEADER 00000ntm a22000003a 4500
001 stu84653
005 20160719154854.3
008 040305s2003----xo------------------slo-d
040 |a STU  |b slo 
041 0 |a slo 
044 |a xo 
100 1 |a Mancovičová, Katarína  |4 aut 
245 1 |a Informačný systém obytného domu :  |b Diplomová práca 
260 |a Trnava :  |b STU v Bratislave MtF KAIA,  |c 2003 
300 |a 66 s  |c príl (CD) 
650 7 |a aplikovaná informatika a automatizácia v priemysle  |2 stusub 
650 7 |a manažment výrobných systémov  |2 stusub 
700 1 |a Husárová, Bohuslava  |4 xxx  |u M180  |U MTF Materiálovotechnologická fakulta  |T MTF Katedra aplikovanej informatiky a automatizácie  |U M180  |Y 166 
996 |b 284M037792  |c M*DP-4792  |l MMSKP  |s P  |a 0  |w stu84653_0001